000 01229cam7a220024101 4500
001 tmp15412916
003 UPRA
005 20190830130017.0
008 950809s1964 quc fre u
035 _a(Sirsi) r30788
035 _a(UPRA)tmp15412916
040 _cUPRA
245 0 0 _aCollection Art, vie et sciences au Canada franais, sous la direction de Genevieve de La Tour Fondue-Smith /
_c2e tirage.
260 _aQuebec :
_bMinistere des affaires culturelles,
_c1964.
505 0 _a1. Panorama des lettres canadiennes-francaises / par G. Sylvestre -- 2. Le the^atre au Canada francais / par J. Hamelin -- 3. La peinture moderne au Canada francais / par G. Viau -- 4. La vie musicale au Canada francais / par A. Lasalle-Leduc -- 5. La vie des sciences au Canada francais / par C. Ouellet -- 6. L'essor des sciences sociales au Canada francais / par J.C. Falardeau.
949 _aF1021
_wlcc
_i-34676
_mMAIN
_tBOOK
_lON-SHELF
949 _aF1021
_wlcc
_i-34677
_mMAIN
_tBOOK
_lON-SHELF
949 _aF1021
_wlcc
_i-34678
_mMAIN
_tBOOK
_lON-SHELF
949 _aF1021
_wlcc
_i-34679
_mMAIN
_tBOOK
_lON-SHELF
949 _aF1021
_wlcc
_i-34680
_mMAIN
_tBOOK
_lON-SHELF
949 _aF1021
_wlcc
_i-34681
_mMAIN
_tBOOK
_lON-SHELF
004 30788
999 _c202359
_d202359